The Castle / (Record no. 2283)
[ view plain ]
| 000 -LEADER | |
|---|---|
| fixed length control field | 00742nam a2200217 ar4500 |
| 001 - CONTROL NUMBER | |
| control field | 2285 |
| 005 - DATE AND TIME OF LATEST TRANSACTION | |
| control field | 20221127090416.0 |
| 008 - FIXED-LENGTH DATA ELEMENTS--GENERAL INFORMATION | |
| fixed length control field | 101107s xxk 0001f|eng d |
| 020 ## - INTERNATIONAL STANDARD BOOK NUMBER | |
| International Standard Book Number | 9780199238286(pbk) : |
| Terms of availability | SR29.00 |
| 082 04 - DEWEY DECIMAL CLASSIFICATION NUMBER | |
| Classification number | 833.912 |
| Item number | K123 2009 |
| 100 1# - MAIN ENTRY--PERSONAL NAME | |
| Personal name | Kafka, Franz. |
| 245 14 - TITLE STATEMENT | |
| Title | The Castle / |
| Statement of responsibility, etc. | F. Kafka ; translated by Anthea Bell ; with an introduction and notes by Ritchie Robertson. |
| 260 ## - PUBLICATION, DISTRIBUTION, ETC. | |
| Place of publication, distribution, etc. | Oxford |
| -- | New York : |
| Name of publisher, distributor, etc. | Oxford University Press, |
| Date of publication, distribution, etc. | 2009. |
| 300 ## - PHYSICAL DESCRIPTION | |
| Extent | xxxviii, 179 p. ; |
| Dimensions | 20 cm. |
| 440 #0 - SERIES STATEMENT/ADDED ENTRY--TITLE | |
| Title | Oxford world's classics. |
| 500 ## - GENERAL NOTE | |
| General note | Translated from the German. |
| 504 ## - BIBLIOGRAPHY, ETC. NOTE | |
| Bibliography, etc. note | Includes bibl. references. |
| 650 #4 - SUBJECT ADDED ENTRY--TOPICAL TERM | |
| Topical term or geographic name entry element | German fiction |
| Chronological subdivision | 20th century. |
| 650 #4 - SUBJECT ADDED ENTRY--TOPICAL TERM | |
| Topical term or geographic name entry element | Bureaucracy |
| Form subdivision | Fiction. |
| 700 0# - ADDED ENTRY--PERSONAL NAME | |
| Personal name | Bell, Anthea, |
| Relator term | tr. |
| Withdrawn status | Lost status | Source of classification or shelving scheme | Damaged status | Not for loan | Home library | Current library | Date acquired | Total Checkouts | Total Renewals | Full call number | Barcode | Date due | Date last seen | Date last checked out | Copy number | Price effective from | Koha item type |
|---|---|---|---|---|---|---|---|---|---|---|---|---|---|---|---|---|---|
| 11/27/2022 | 833.912 K123 2009 | 1000000009839 | 11/27/2022 | C2 | 11/27/2022 | Book | |||||||||||
| WOMEN | 11/27/2022 | 1 | 1 | 833.912 K123 2009 | 1000000009807 | 12/15/2025 | 11/17/2025 | 11/17/2025 | C1 | 11/27/2022 | Book |
